[Event "283rd YMCA Winter B"]
[Site "Warsaw"]
[Date "2024.02.06"]
[Round "1"]
[White "Mlynarski, Zbigniew"]
[Black "Pasternak-Winiarski, Adam"]
[Result "1-0"]
[WhiteElo "1584"]
[BlackElo "1561"]
[PlyCount "125"]
[EventDate "2024.01.11"]
[EventType "tourn"]
[EventRounds "1"]
[EventCountry "POL"]
[SourceDate "2024.01.10"]

1. e4 c5 2. Nf3 d6 3. c3 Nf6 4. Qc2 g6 5. d4 cxd4 6. cxd4 Bg7 7. Bc4 O-O 8. O-O
a6 9. a4 Nc6 10. Rd1 Qb6 11. h3 e6 12. Nc3 Nb4 13. Qe2 d5 14. Bb3 dxe4 15. Nxe4
Bd7 16. Ne5 Bc6 17. a5 Qc7 18. Nc5 Bb5 19. Qf3 Nfd5 20. Ng4 h5 21. Ne3 Bc6 22.
Nxd5 Nxd5 23. Bg5 b6 24. axb6 Qxb6 25. Qe2 Bb5 26. Qd2 Kh7 27. Ne4 f6 28. Bh4
Bh6 29. Qe1 Bc6 30. Bxd5 Bxd5 31. Nxf6+ Rxf6 32. Bxf6 Qb7 33. g3 Rf8 34. Be5
Qxb2 35. Rdb1 Qc2 36. Rxa6 Rxf2 37. Ra7+ Kg8 38. Rb8+ Rf8 39. Rxf8+ Bxf8 40.
Qf1 Qf5 41. Qxf5 gxf5 42. Kf2 Bh6 43. Bf4 Bg7 44. Ke3 Bf6 45. Kd3 Bg7 46. Kc3
Bf8 47. Rd7 Bg7 48. Be5 Bh6 49. Kb4 Be3 50. Rg7+ Kf8 51. Rh7 Bf3 52. Kc5 Kg8
53. Rh8+ Kf7 54. Kd6 Bd5 55. Rxh5 Bd2 56. Rh7+ Kg6 57. Rg7+ Kh6 58. Rg8 Kh7 59.
Re8 Bb4+ 60. Kd7 Bc4 61. Rxe6 Bxe6+ 62. Kxe6 Kg6 63. d5 1-0

[Event "283rd YMCA Winter B"]
[Site "Warsaw"]
[Date "2024.01.11"]
[Round "1"]
[White "Kasperski, Marcin"]
[Black "Czerwinski, Bartlomiej"]
[Result "0-1"]
[WhiteElo "1636"]
[BlackElo "1603"]
[PlyCount "120"]
[EventDate "2024.01.11"]
[EventType "tourn"]
[EventRounds "1"]
[EventCountry "POL"]
[SourceDate "2024.01.10"]

1. c4 c6 2. g3 d5 3. Bg2 Nf6 4. Nf3 Bf5 5. O-O e6 6. b3 Nbd7 7. d3 Be7 8. Bb2
h6 9. Nbd2 O-O 10. Rc1 Re8 11. Re1 Bh7 12. a3 Bc5 13. b4 Bb6 14. c5 Bc7 15. Nb3
a5 16. Nxa5 Bxa5 17. bxa5 Rxa5 18. d4 b6 19. Ne5 Nxe5 20. dxe5 Nd7 21. cxb6
Qxb6 22. Qd2 Rb5 23. Bc3 Ra8 24. Ra1 Ra4 25. e4 d4 26. Bb4 c5 27. Qc2 Ra8 28.
Bf1 cxb4 29. Bxb5 Qxb5 30. axb4 Rf8 31. f4 Qxb4 32. Qc6 Nc5 33. Rab1 Nb3 34.
Qc2 Rb8 35. Red1 d3 36. Qxd3 Bxe4 37. Rxb3 Qxb3 38. Qxb3 Rxb3 39. Rd2 Rf3 40.
Rd4 Bd5 41. Rd2 h5 42. Rd4 Kh7 43. Rb4 Kg6 44. Ra4 Rd3 45. Kf2 Rd2+ 46. Ke3
Rxh2 47. Ra3 Rb2 48. Kd4 Rb3 49. Ra7 Rxg3 50. f5+ Kxf5 51. Rxf7+ Kg6 52. Rf8 h4
53. Rh8 Kf5 54. Rf8+ Kg4 55. Rf7 g5 56. Rg7 h3 57. Rh7 Rg2 58. Ke3 h2 59. Rh6
h1=Q 60. Rxh1 Rg3+ 0-1

[Event "283rd YMCA Winter B"]
[Site "Warsaw"]
[Date "2024.01.11"]
[Round "1"]
[White "Gospodarczyk, Wlodzimierz"]
[Black "Emmel, Bartosz"]
[Result "0-1"]
[WhiteElo "1616"]
[BlackElo "1638"]
[PlyCount "90"]
[EventDate "2024.01.11"]
[EventType "tourn"]
[EventRounds "1"]
[EventCountry "POL"]
[SourceDate "2024.01.10"]

1. Nf3 g6 2. e4 c5 3. c3 Bg7 4. Bc4 d6 5. O-O Nc6 6. d4 Nf6 7. Re1 cxd4 8. cxd4
Bg4 9. Nc3 Bxf3 10. gxf3 O-O 11. Be3 Rc8 12. Bf1 a6 13. Rc1 Qd7 14. Na4 Nb4 15.
Qb3 Rxc1 16. Rxc1 Nc6 17. Nb6 Qd8 18. d5 Na7 19. Bh3 h6 20. Bc8 g5 21. Bxb7 g4
22. Bxa6 gxf3 23. Bd3 Ng4 24. h3 Nxe3 25. fxe3 e6 26. Kf2 Qh4+ 27. Kxf3 f5 28.
exf5 Qxh3+ 29. Ke2 exf5 30. Rf1 f4 31. exf4 Qg4+ 32. Kd2 Rxf4 33. Be2 Rd4+ 34.
Bd3 Rb4 35. Nc4 Rxb3 36. axb3 Qg5+ 37. Ne3 Bxb2 38. Rf5 Qg1 39. Rf1 Qg5 40. Rf5
Qg3 41. Ke2 Bd4 42. Rf3 Qh2+ 43. Rf2 Qh5+ 44. Rf3 Qe5 45. b4 Nc8 0-1

[Event "283rd YMCA Winter B"]
[Site "Warsaw"]
[Date "2024.01.11"]
[Round "1"]
[White "Jaroszuk, Marcin"]
[Black "Bartczak, Hanna"]
[Result "1-0"]
[WhiteElo "1529"]
[BlackElo "1479"]
[PlyCount "33"]
[EventDate "2024.01.11"]
[EventType "tourn"]
[EventRounds "1"]
[EventCountry "POL"]
[SourceDate "2024.01.10"]

1. Nf3 d5 2. g3 Nf6 3. Bg2 g6 4. O-O Bg7 5. d4 O-O 6. c4 c6 7. cxd5 cxd5 8. Nc3
Nc6 9. Ne5 Qb6 10. Na4 Qxd4 11. Nxc6 Qxd1 12. Nxe7+ Kh8 13. Rxd1 Be6 14. Nxd5
Rfd8 15. Nac3 Nxd5 16. Nxd5 Rac8 17. Nc3 1-0

[Event "283rd YMCA Winter B"]
[Site "Warsaw"]
[Date "2024.01.11"]
[Round "1"]
[White "Pichurko, Jakub"]
[Black "Kuc, Mariusz"]
[Result "1/2-1/2"]
[WhiteElo "1628"]
[BlackElo "1552"]
[PlyCount "37"]
[EventDate "2024.01.11"]
[EventType "tourn"]
[EventRounds "1"]
[EventCountry "POL"]
[SourceDate "2024.01.10"]

1. d4 Nf6 2. Bf4 e6 3. e3 Be7 4. c3 b6 5. Nd2 Bb7 6. h3 O-O 7. Ngf3 c5 8. Bd3
d5 9. Qb1 Nc6 10. O-O h6 11. Ne5 Nxe5 12. dxe5 Nd7 13. Nf3 f5 14. exf6 Bxf6 15.
Bd6 Be7 16. Bg3 Bf6 17. Bd6 Be7 18. Bg3 Bf6 19. Bd6 1/2-1/2

[Event "283rd YMCA Winter B"]
[Site "Warsaw"]
[Date "2024.01.19"]
[Round "1"]
[White "Gozdzikowski, Franciszek"]
[Black "Kwiecinski, Rafal"]
[Result "1-0"]
[WhiteElo "1523"]
[BlackElo "1496"]
[PlyCount "119"]
[EventDate "2024.01.11"]
[EventType "tourn"]
[EventRounds "1"]
[EventCountry "POL"]
[SourceDate "2024.01.10"]

1. e4 c5 2. Nf3 Nc6 3. d4 cxd4 4. Nxd4 e5 5. Nb5 d6 6. N1c3 a6 7. Na3 Be6 8.
Bc4 Bxc4 9. Nxc4 b5 10. Ne3 Nf6 11. Ned5 Be7 12. Nxe7 Nxe7 13. Bg5 Nfg8 14. O-O
h6 15. Bh4 g5 16. Bg3 h5 17. f3 h4 18. Bf2 Nf6 19. Qd2 Rg8 20. Rad1 Nc8 21. Bc5
b4 22. Ne2 Rg6 23. Qxb4 Qc7 24. Bxd6 Nxd6 25. Qxd6 Qa7+ 26. Kh1 Nxe4 27. Qxe5+
Re6 28. Qd4 Nf6 29. Qxa7 Rxa7 30. Nd4 Rb6 31. Rfe1+ Kf8 32. b3 Kg7 33. Kg1 Kg6
34. h3 Rc7 35. c4 Rd6 36. Nc2 Rb6 37. Kf2 a5 38. Nd4 a4 39. Nb5 Rc5 40. Rd6
Rcxb5 41. Rxf6+ Kxf6 42. cxb5 axb3 43. a4 Rd6 44. Rb1 Rd2+ 45. Ke3 Ra2 46. Rxb3
Rxa4 47. b6 Ra8 48. b7 Rb8 49. Ke4 Re8+ 50. Kd5 Re5+ 51. Kc6 Re6+ 52. Kc7 Re7+
53. Kb6 Re8 54. Ka7 Kf5 55. b8=Q Rxb8 56. Kxb8 Kf4 57. Kc7 f5 58. Kd6 g4 59.
fxg4 fxg4 60. hxg4 1-0

[Event "283rd YMCA Winter B"]
[Site "Warsaw"]
[Date "2024.02.07"]
[Round "2"]
[White "Pasternak-Winiarski, Adam"]
[Black "Kwiecinski, Rafal"]
[Result "1-0"]
[WhiteElo "1561"]
[BlackElo "1496"]
[PlyCount "89"]
[EventDate "2024.01.11"]
[EventType "tourn"]
[EventRounds "1"]
[EventCountry "POL"]
[SourceDate "2024.01.10"]

1. e4 c5 2. Nf3 d6 3. d4 cxd4 4. Nxd4 Nf6 5. Nc3 a6 6. a4 e5 7. Nf3 Be7 8. Bg5
O-O 9. Bxf6 Bxf6 10. Bc4 Be6 11. Nd5 Nd7 12. Bb3 Bg4 13. Ne3 Bxf3 14. Qxf3 Qa5+
15. c3 Qb6 16. Ra3 Bg5 17. Nd5 Qa5 18. O-O Nc5 19. Bc2 Ne6 20. Rd1 Rab8 21. b4
Qd8 22. a5 Nc7 23. Nb6 Nb5 24. Rb3 Qc7 25. Qd3 Rbd8 26. Nd5 Qb8 27. Qg3 Bf4 28.
Qg4 Kh8 29. Rd3 Qc8 30. Qh5 Qe6 31. Rh3 Bh6 32. Bd3 Rc8 33. Bxb5 axb5 34. Qe2
Rc4 35. Rb1 Qg6 36. Re1 Qg5 37. Rd3 Rc6 38. Red1 Qh4 39. Rh3 Qd8 40. Qxb5 Qd7
41. Qe2 Ra6 42. Qf3 Qa4 43. Rxh6 f5 44. Rxh7+ Kxh7 45. Qh5+ 1-0

[Event "283rd YMCA Winter B"]
[Site "Warsaw"]
[Date "2024.01.17"]
[Round "2"]
[White "Kuc, Mariusz"]
[Black "Gozdzikowski, Franciszek"]
[Result "1-0"]
[WhiteElo "1552"]
[BlackElo "1523"]
[PlyCount "93"]
[EventDate "2024.01.11"]
[EventType "tourn"]
[EventRounds "1"]
[EventCountry "POL"]
[SourceDate "2024.01.10"]

1. e4 e5 2. Nf3 Nc6 3. d4 exd4 4. Nxd4 Nf6 5. Nxc6 bxc6 6. Nd2 Be7 7. Bd3 O-O
8. O-O d5 9. e5 Nd7 10. Re1 Nc5 11. Bf1 f6 12. b4 fxe5 13. Bb2 Nd7 14. a3 Bd6
15. c4 e4 16. cxd5 cxd5 17. Qb3 Nf6 18. g3 Kh8 19. Bd4 Qe7 20. Qb2 Bf5 21. Bg2
Qf7 22. Nf1 Rae8 23. Ne3 Bg6 24. Rac1 a6 25. Rc6 Nd7 26. Re2 Be5 27. Rec2 Re7
28. Rxa6 Bh5 29. Ra5 Bf3 30. Rxd5 Bxg2 31. Kxg2 Qf3+ 32. Kg1 Bxd4 33. Qxd4 Nf6
34. Rf5 Rd7 35. Qa1 Rfd8 36. Rxf3 exf3 37. h3 Ne4 38. Qe5 Nd6 39. Nf5 Re8 40.
Qd5 Re1+ 41. Kh2 h6 42. Nxd6 Rxd6 43. Qxf3 Rf6 44. Qd3 Ree6 45. Kg2 Rd6 46. Qc3
c6 47. a4 1-0

[Event "283rd YMCA Winter B"]
[Site "Warsaw"]
[Date "2024.01.16"]
[Round "2"]
[White "Bartczak, Hanna"]
[Black "Pichurko, Jakub"]
[Result "1/2-1/2"]
[WhiteElo "1479"]
[BlackElo "1628"]
[PlyCount "146"]
[EventDate "2024.01.11"]
[EventType "tourn"]
[EventRounds "1"]
[EventCountry "POL"]
[SourceDate "2024.01.10"]

1. d4 d5 2. Nc3 Nf6 3. Bf4 e6 4. e3 Bb4 5. Bd3 c5 6. dxc5 Nbd7 7. Nge2 a6 8. a3
Bxc5 9. Bg3 O-O 10. O-O Nh5 11. Na4 Be7 12. Nac3 Nxg3 13. Nxg3 Nf6 14. Nce2 b5
15. c3 Bd7 16. Qd2 Qb6 17. Bc2 a5 18. Qd4 Qxd4 19. cxd4 Rfc8 20. Rfc1 b4 21. a4
Ra7 22. b3 Rac7 23. Bd3 h5 24. Rxc7 Rxc7 25. Rc1 Rxc1+ 26. Nxc1 h4 27. Nge2 Ne4
28. Kf1 f6 29. f3 Ng5 30. h3 Nf7 31. Bg6 e5 32. e4 Nh8 33. Bf5 Bxf5 34. exf5
Nf7 35. f4 e4 36. g4 hxg3 37. Nxg3 Bd6 38. Nce2 Bc7 39. Kf2 Nd6 40. Ke3 Kf7 41.
h4 g6 42. fxg6+ Kxg6 43. h5+ Kh6 44. Ng1 Bd8 45. Nh3 f5 46. Ng1 Bf6 47. N1e2
Bh4 48. Kd2 Kg7 49. Ke3 $11 Kf6 50. Kd2 Nf7 51. Nf1 Nh6 52. Ne3 Ke6 53. Ng1 Bf6
54. Ne2 Bg7 55. Ke1 Ng8 56. Ng3 Ne7 57. Ne2 Nc6 58. Nc2 Ne7 59. Kf2 Ng8 60. Kg3
Nf6 61. Kh4 Bh6 62. Ne3 Ne8 63. Kg3 Nd6 64. Kh4 Nf7 65. Kg3 Bg7 66. Kh4 Bf6+
67. Kg3 Nh6 68. Kh3 Ng8 69. Kg3 Ne7 70. Kh3 Kf7 71. Kg3 Kg7 72. Kh3 Kh6 73. Ng3
Bh8 1/2-1/2

[Event "283rd YMCA Winter B"]
[Site "Warsaw"]
[Date "2024.02.02"]
[Round "2"]
[White "Emmel, Bartosz"]
[Black "Jaroszuk, Marcin"]
[Result "0-1"]
[WhiteElo "1638"]
[BlackElo "1529"]
[PlyCount "88"]
[EventDate "2024.01.11"]
[EventType "tourn"]
[EventRounds "1"]
[EventCountry "POL"]
[SourceDate "2024.01.10"]

1. e4 e5 2. Nf3 Nc6 3. Bb5 f5 4. d3 fxe4 5. dxe4 Nf6 6. O-O d6 7. Nc3 Be7 8. a3
O-O 9. Bc4+ Kh8 10. Ng5 Qe8 11. Ne6 Bxe6 12. Bxe6 Nd4 13. Ba2 Qg6 14. f3 Nh5
15. Nd5 Bd8 16. c3 Ne6 17. Kh1 c6 18. Ne3 Nef4 19. Rf2 Bh4 20. Rd2 Rad8 21. Nf5
Rxf5 22. exf5 Qh6 23. g4 Ng3+ 24. hxg3 Bxg3+ 25. Kg1 Nh3+ 26. Kg2 Qh4 27. Qh1
Nf4+ 28. Kg1 Bh2+ 29. Kf1 Qh3+ 30. Qg2 Nxg2 31. Rxg2 Qxf3+ 32. Rf2 Qh3+ 33. Ke2
Qxg4+ 34. Kd3 Qd1+ 35. Rd2 Qf1+ 36. Kc2 Qxf5+ 37. Rd3 e4 38. Re3 Bf4 39. Re1
e3+ 40. Kb3 Qb5+ 41. Kc2 Qa4+ 42. b3 Qe4+ 43. Kb2 Qg2+ 44. Kb1 h5 0-1

[Event "283rd YMCA Winter B"]
[Site "Warsaw"]
[Date "2024.01.17"]
[Round "2"]
[White "Czerwinski, Bartlomiej"]
[Black "Gospodarczyk, Wlodzimierz"]
[Result "0-1"]
[WhiteElo "1603"]
[BlackElo "1616"]
[PlyCount "46"]
[EventDate "2024.01.11"]
[EventType "tourn"]
[EventRounds "1"]
[EventCountry "POL"]
[SourceDate "2024.01.10"]

1. e4 c5 2. b4 cxb4 3. a3 e6 4. axb4 Nf6 5. e5 Nd5 6. c3 d6 7. exd6 Bxd6 8. Nf3
O-O 9. Na3 Nc6 10. Nc4 Bc7 11. Be2 Nb6 12. O-O Nxc4 13. Bxc4 e5 14. Re1 Bg4 15.
Ba3 Re8 16. d3 Qf6 17. Bd5 Rad8 18. c4 Rxd5 19. cxd5 Nd4 20. Qa4 b5 21. Qxa7
Nxf3+ 22. gxf3 Bxf3 23. Rec1 Bb6 0-1

[Event "283rd YMCA Winter B"]
[Site "Warsaw"]
[Date "2024.01.18"]
[Round "2"]
[White "Mlynarski, Zbigniew"]
[Black "Kasperski, Marcin"]
[Result "1-0"]
[WhiteElo "1584"]
[BlackElo "1636"]
[PlyCount "51"]
[EventDate "2024.01.11"]
[EventType "tourn"]
[EventRounds "1"]
[EventCountry "POL"]
[SourceDate "2024.01.10"]

1. e4 c5 2. Nf3 Nc6 3. Bc4 Nf6 4. Qe2 d6 5. O-O g6 6. d3 Bg7 7. Bd2 O-O 8. Nc3
Nd4 9. Nxd4 cxd4 10. Nd5 Nxd5 11. Bxd5 Qb6 12. Bb3 a5 13. a4 Bd7 14. Bg5 e5 15.
f4 Be6 16. Bxe6 fxe6 17. Qg4 d5 18. fxe5 dxe4 19. Qxe4 Qxb2 20. Bf6 Rab8 21.
Rab1 Qxc2 22. Rxb7 Rxb7 23. Qxb7 Rf7 24. Qa8+ Bf8 25. Qa6 Qxd3 26. Qxd3 1-0

[Event "283rd YMCA Winter B"]
[Site "Warsaw"]
[Date "2024.01.31"]
[Round "3"]
[White "Kasperski, Marcin"]
[Black "Pasternak-Winiarski, Adam"]
[Result "1/2-1/2"]
[WhiteElo "1636"]
[BlackElo "1561"]
[PlyCount "102"]
[EventDate "2024.01.11"]
[EventType "tourn"]
[EventRounds "1"]
[EventCountry "POL"]
[SourceDate "2024.01.10"]

1. c4 g6 2. g3 Bg7 3. Bg2 c5 4. Nc3 Nc6 5. d3 Rb8 6. Bf4 d6 7. e4 a6 8. Nge2 b5
9. Qd2 b4 10. Nd1 e5 11. Be3 Nge7 12. O-O O-O 13. f4 f5 14. Nf2 a5 15. Rae1 Bd7
16. Nd1 Qc7 17. Kh1 Rbd8 $11 18. Bg1 Kh8 19. Ne3 Qc8 20. Nd5 Nxd5 21. exd5 Nd4
22. fxe5 dxe5 23. Bxd4 exd4 24. Nf4 Rfe8 25. Rf2 Re3 26. Rfe2 Rde8 27. Rxe3
Rxe3 28. b3 Qe8 29. Rxe3 dxe3 30. Qd1 Qe5 31. Bf3 Bh6 32. Nh3 f4 33. Nxf4 Bxf4
34. gxf4 Qxf4 35. Qe2 Qd4 36. Kg2 Bf5 37. Be4 Bxe4+ 38. dxe4 Qxe4+ 39. Kg3 Kg7
40. h3 g5 41. Qb2+ Qd4 42. Qe2 Kf6 43. Kf3 Qf4+ 44. Kg2 h6 45. Qb2+ Qd4 46. Qe2
Ke5 47. Kf3 Qe4+ 48. Kg3 Qh4+ 49. Kg2 Qe4+ 50. Kg3 Qf4+ 51. Kg2 Qe4+ 1/2-1/2

[Event "283rd YMCA Winter B"]
[Site "Warsaw"]
[Date "2024.01.25"]
[Round "3"]
[White "Gospodarczyk, Wlodzimierz"]
[Black "Mlynarski, Zbigniew"]
[Result "1-0"]
[WhiteElo "1616"]
[BlackElo "1584"]
[PlyCount "129"]
[EventDate "2024.01.11"]
[EventType "tourn"]
[EventRounds "1"]
[EventCountry "POL"]
[SourceDate "2024.01.10"]

1. Nf3 Nf6 2. c4 c6 3. g3 d5 4. cxd5 cxd5 5. Bg2 Nc6 6. d4 Bf5 7. Nh4 Be4 8.
O-O Bxg2 9. Nxg2 e6 10. Nc3 Qb6 11. e3 Bb4 12. Bd2 Bd6 13. Ne1 O-O 14. Nd3 Rfc8
15. Qe2 Qa6 16. Nf4 Qb6 17. Nd3 a5 18. Nc5 Rab8 19. N5a4 Qd8 20. Nb5 Bb4 21.
Nac3 Ne8 22. a3 Be7 23. Rfc1 Nd6 24. Nxd6 Qxd6 25. Nb5 Qd7 26. Rc2 Ra8 27. Rac1
Qd8 28. Qd3 Qb6 29. Nc3 a4 30. Qb5 Qa6 31. Qxa6 Rxa6 32. Na2 Rb8 33. Nb4 Rb6
34. Nxc6 bxc6 35. Rxc6 Rxb2 36. Rc8+ Bf8 37. Bb4 R8xb4 38. axb4 a3 39. Ra8 h6
40. Ra1 g6 41. R1xa3 Kg7 42. R3a4 Bxb4 43. Rb8 Bc3 44. Rxb2 Bxb2 45. h4 h5 46.
f3 Bc1 47. Kf2 Kf6 48. e4 Bb2 49. Ke3 Bc1+ 50. Kd3 Bh6 51. Ra8 Ke7 52. Ra7+ Kf6
53. e5+ Kg7 54. Ra8 Kh7 55. f4 Kg7 56. Kc3 Kh7 57. Kb4 Kg7 58. Kb5 Kh7 59. Kc6
Kg7 60. Kd7 Kh7 61. Ke8 Kg7 62. Ra7 Kg8 63. Rxf7 Bg7 64. Rf6 Bxf6 65. exf6 1-0

[Event "283rd YMCA Winter B"]
[Site "Warsaw"]
[Date "2024.01.25"]
[Round "3"]
[White "Jaroszuk, Marcin"]
[Black "Czerwinski, Bartlomiej"]
[Result "1-0"]
[WhiteElo "1529"]
[BlackElo "1603"]
[PlyCount "33"]
[EventDate "2024.01.11"]
[EventType "tourn"]
[EventRounds "1"]
[EventCountry "POL"]
[SourceDate "2024.01.10"]

1. Nf3 g6 2. g3 Bg7 3. d4 Nf6 4. Bg2 O-O 5. c4 d5 6. O-O b6 7. Nc3 Bb7 8. cxd5
Nxd5 9. Nxd5 Bxd5 10. Qc2 f5 11. Bf4 Nc6 12. Rfd1 Bxf3 13. Bxf3 Nxd4 14. Qc4+
Kh8 15. Bxa8 Qxa8 16. Rxd4 e5 17. Rd7 1-0

[Event "283rd YMCA Winter B"]
[Site "Warsaw"]
[Date "2024.01.25"]
[Round "3"]
[White "Pichurko, Jakub"]
[Black "Emmel, Bartosz"]
[Result "1/2-1/2"]
[WhiteElo "1628"]
[BlackElo "1638"]
[PlyCount "44"]
[EventDate "2024.01.11"]
[EventType "tourn"]
[EventRounds "1"]
[EventCountry "POL"]
[SourceDate "2024.01.10"]

1. d4 d5 2. Nf3 Nf6 3. Bf4 c5 4. e3 Nc6 5. dxc5 e6 6. c4 Bxc5 7. Nc3 Bb4 8. Bg5
h6 9. Bxf6 Qxf6 10. Rc1 dxc4 11. Bxc4 O-O 12. O-O Rd8 13. Qa4 a6 14. Bb5 Bxc3
15. Rxc3 Bd7 16. Be2 Ne7 17. Qd4 Qg6 18. Nh4 Qg5 19. Nf3 Qg6 20. Ne5 Qf6 21.
Nf3 Qg6 22. Ne5 Qf6 1/2-1/2

[Event "283rd YMCA Winter B"]
[Site "Warsaw"]
[Date "2024.01.23"]
[Round "3"]
[White "Gozdzikowski, Franciszek"]
[Black "Bartczak, Hanna"]
[Result "1-0"]
[WhiteElo "1523"]
[BlackElo "1479"]
[PlyCount "49"]
[EventDate "2024.01.11"]
[EventType "tourn"]
[EventRounds "1"]
[EventCountry "POL"]
[SourceDate "2024.01.10"]

1. e4 d6 2. d4 Nf6 3. Nc3 g6 4. g3 c6 5. Bg2 Bg7 6. Nge2 e5 7. dxe5 dxe5 8.
Qxd8+ Kxd8 9. f4 Nbd7 10. fxe5 Nxe5 11. Bf4 Nfd7 12. O-O-O Ke7 13. h3 Nc5 14.
Bg5+ f6 15. Be3 Ne6 16. b3 b6 17. Nf4 Bb7 18. Nxe6 Kxe6 19. Ne2 Rhd8 20. Nf4+
Ke7 21. Bd4 Bh6 22. Kb1 Nf7 23. Rhe1 Bxf4 24. gxf4 c5 25. Bxf6+ 1-0

[Event "283rd YMCA Winter B"]
[Site "Warsaw"]
[Date "2024.01.23"]
[Round "3"]
[White "Kwiecinski, Rafal"]
[Black "Kuc, Mariusz"]
[Result "1/2-1/2"]
[WhiteElo "1496"]
[BlackElo "1552"]
[PlyCount "84"]
[EventDate "2024.01.11"]
[EventType "tourn"]
[EventRounds "1"]
[EventCountry "POL"]
[SourceDate "2024.01.10"]

1. e4 c5 2. Bc4 Nc6 3. c3 Nf6 4. d3 d5 5. exd5 Nxd5 6. Nf3 Bg4 7. h3 Bh5 8. g4
Bg6 9. Qe2 e6 10. Bg5 Be7 11. Bxe7 Qxe7 12. Bxd5 exd5 13. Qxe7+ Kxe7 14. Kd2
Kd6 15. Na3 a6 16. Rae1 f6 17. Nc2 Ne5 18. Nxe5 fxe5 19. h4 h6 20. h5 Be8 21.
a3 Rf8 22. Rh2 Bd7 23. Rg1 Rf4 24. g5 Raf8 25. Ke1 d4 26. gxh6 gxh6 27. Rg6+
R8f6 28. Rhg2 Bc6 29. Rh2 e4 30. cxd4 exd3 31. dxc5+ Kxc5 32. Nb4 Be4 33. Rg3
Kd4 34. Rg7 d2+ 35. Kxd2 Rxf2+ 36. Rxf2 Rxf2+ 37. Kc1 a5 38. Rd7+ Kc4 39. Rc7+
Kd4 40. Rd7+ $11 Ke5 41. Nd3+ Bxd3 42. Rxd3 Rf6 1/2-1/2

[Event "283rd YMCA Winter B"]
[Site "Warsaw"]
[Date "2024.02.02"]
[Round "4"]
[White "Pasternak-Winiarski, Adam"]
[Black "Kuc, Mariusz"]
[Result "0-1"]
[WhiteElo "1561"]
[BlackElo "1552"]
[PlyCount "80"]
[EventDate "2024.01.11"]
[EventType "tourn"]
[EventRounds "1"]
[EventCountry "POL"]
[SourceDate "2024.01.10"]

1. c4 Nf6 2. Nc3 e6 3. a3 d5 4. cxd5 Nxd5 5. Nf3 Be7 6. g3 b6 7. Bg2 Bb7 8. O-O
O-O 9. Qc2 Nd7 10. b3 c5 11. e4 N5f6 12. Bb2 Rc8 13. Rad1 Qc7 14. Rfe1 Rfd8 15.
d3 a6 16. a4 Nb8 17. Ne2 Nc6 18. Bc3 Nd7 19. Qb2 Bf6 20. e5 Be7 21. d4 cxd4 22.
Nfxd4 Nb4 23. Bxb7 Qxb7 24. Qd2 Nd5 25. Nf3 Nxc3 26. Nxc3 Qxf3 27. Re3 Qa8 28.
Qe2 Nxe5 29. Rxd8+ Bxd8 30. Ne4 Rc1+ 31. Kg2 f5 32. Qb2 Nd3 33. Qd4 Nc5 34. Qe5
Bf6 35. Qd6 Nxe4 36. Qxe6+ Kf8 37. f3 Rc2+ 38. Kf1 Nd2+ 39. Ke1 Nxf3+ 40. Kd1
Qd8+ 0-1

[Event "283rd YMCA Winter B"]
[Site "Warsaw"]
[Date "2024.01.30"]
[Round "4"]
[White "Bartczak, Hanna"]
[Black "Kwiecinski, Rafal"]
[Result "0-1"]
[WhiteElo "1479"]
[BlackElo "1496"]
[PlyCount "164"]
[EventDate "2024.01.11"]
[EventType "tourn"]
[EventRounds "1"]
[EventCountry "POL"]
[SourceDate "2024.01.10"]

1. d4 Nf6 2. Nc3 g6 3. e4 d6 4. Bf4 Nbd7 5. Qd2 Bg7 6. O-O-O O-O 7. f3 a6 8.
Bh6 b5 9. g4 Bb7 10. h4 b4 11. Nb1 Bxe4 12. fxe4 Nxe4 13. Qf4 Bxh6 14. Qxh6 Nf2
15. Bg2 Nxh1 16. Bxh1 Rb8 17. h5 e6 18. Be4 Qf6 19. Ne2 Qg7 20. Qe3 e5 21. Nd2
exd4 22. Nxd4 Rfe8 23. hxg6 hxg6 24. Qf2 Qf6 25. Qg1 Nc5 26. Rf1 Qg5 27. N4f3
Qf4 28. Bd5 Re7 29. Nd4 Qg5 30. Nc6 Rbe8 31. Nxe7+ Rxe7 32. Qd4 Nd7 33. Kd1 c5
34. Qc4 Ne5 35. Qxa6 Qxg4+ 36. Qe2 Qd4 37. Bc4 Qxb2 38. Nb3 Qxa2 39. Kc1 Qa3+
40. Kb1 Ra7 41. Bd5 Qa2+ 42. Kc1 Rc7 43. Qf2 c4 44. Nd4 Qa1+ 45. Kd2 Qc3+ 46.
Ke2 Re7 47. Kd1 Qa1+ 48. Kd2 c3+ 49. Ke2 Ng4+ 50. Kf3 Nh2+ 51. Kg2 Nxf1 52.
Qxf1 Qxf1+ 53. Kxf1 Re5 54. Bb3 Rc5 55. Ke2 Kg7 56. Nf3 f6 57. Nd4 Kh6 58. Kf3
Rh5 59. Kg3 Ra5 60. Ne6 $11 Ra1 61. Nd4 Rb1 62. Kf3 Kh5 63. Ke3 g5 64. Nc6 Re1+
65. Kf2 Re4 66. Bd5 Rf4+ 67. Kg3 Kg6 68. Ne7+ Kg7 69. Nc6 Kf8 70. Nd8 Ke7 71.
Ne6 Rf1 72. Ng7 Kd7 73. Kg4 Rf2 74. Bb3 d5 75. Nh5 Kc6 76. Kg3 Rf1 77. Kg2 Rb1
78. Ba4+ Kc5 79. Nxf6 Rb2 80. Nd7+ Kd4 81. Nb6 b3 82. Bxb3 Rxb3 $138 0-1

[Event "283rd YMCA Winter B"]
[Site "Warsaw"]
[Date "2024.02.13"]
[Round "4"]
[White "Emmel, Bartosz"]
[Black "Gozdzikowski, Franciszek"]
[Result "0-1"]
[WhiteElo "1638"]
[BlackElo "1523"]
[PlyCount "50"]
[EventDate "2024.01.11"]
[EventType "tourn"]
[EventRounds "1"]
[EventCountry "POL"]
[SourceDate "2024.01.10"]

1. e4 e5 2. Nf3 Nc6 3. Bb5 a6 4. Ba4 Nf6 5. O-O Be7 6. Re1 b5 7. Bb3 O-O 8. c3
d5 9. exd5 Nxd5 10. d4 exd4 11. Nxd4 Nxd4 12. Qxd4 Be6 13. Nd2 c5 14. Qe5 Bd6
15. Qh5 Nf4 16. Qf3 Nd3 17. Rd1 c4 18. Bc2 Bd5 19. Qh5 g6 20. Qh6 Nxf2 21. Kxf2
Bc5+ 22. Kf1 Qf6+ 23. Nf3 Bxf3 24. Bg5 Bxg2+ 25. Kxg2 Qf2+ 0-1

[Event "283rd YMCA Winter B"]
[Site "Warsaw"]
[Date "2024.02.01"]
[Round "4"]
[White "Czerwinski, Bartlomiej"]
[Black "Pichurko, Jakub"]
[Result "1/2-1/2"]
[WhiteElo "1603"]
[BlackElo "1628"]
[PlyCount "42"]
[EventDate "2024.01.11"]
[EventType "tourn"]
[EventRounds "1"]
[EventCountry "POL"]
[SourceDate "2024.01.10"]

1. d4 d5 2. c4 dxc4 3. e3 Nf6 4. Nc3 e6 5. Bxc4 c5 6. Nf3 a6 7. O-O b5 8. Be2
Bb7 9. dxc5 Qxd1 10. Rxd1 Bxc5 11. a3 O-O 12. b4 Be7 13. Bb2 Nbd7 14. Rd2 Rac8
15. Rad1 Nb6 16. Ne5 Rfd8 17. Rxd8+ Rxd8 18. Rxd8+ Bxd8 19. Bf3 Bxf3 20. Nxf3
Nc4 21. Bc1 Be7 $11 1/2-1/2

[Event "283rd YMCA Winter B"]
[Site "Warsaw"]
[Date "2024.02.01"]
[Round "4"]
[White "Mlynarski, Zbigniew"]
[Black "Jaroszuk, Marcin"]
[Result "1-0"]
[WhiteElo "1584"]
[BlackElo "1529"]
[PlyCount "47"]
[EventDate "2024.01.11"]
[EventType "tourn"]
[EventRounds "1"]
[EventCountry "POL"]
[SourceDate "2024.01.10"]

1. d4 Nf6 2. c4 e6 3. Nf3 d5 4. e3 c6 5. Nc3 Nbd7 6. Bd3 dxc4 7. Bxc4 b5 8. Bd3
a6 9. e4 c5 10. O-O Bb7 11. Re1 cxd4 12. Nxd4 Nc5 13. Bc2 b4 14. e5 bxc3 15.
exf6 gxf6 16. b4 Qd5 17. f3 Rd8 18. Be3 e5 19. bxc5 exd4 20. Bb3 Qd7 21. Bf4+
Be7 22. Bd6 Qxd6 23. cxd6 Rxd6 24. Qe2 1-0

[Event "283rd YMCA Winter B"]
[Site "Warsaw"]
[Date "2024.02.01"]
[Round "4"]
[White "Kasperski, Marcin"]
[Black "Gospodarczyk, Wlodzimierz"]
[Result "1-0"]
[WhiteElo "1636"]
[BlackElo "1616"]
[PlyCount "85"]
[EventDate "2024.01.11"]
[EventType "tourn"]
[EventRounds "1"]
[EventCountry "POL"]
[SourceDate "2024.01.10"]

1. c4 c5 2. g3 Nc6 3. Bg2 g6 4. Nf3 Bg7 5. O-O Nf6 6. Na3 O-O 7. Nc2 d6 8. Rb1
Bf5 9. d3 Qd7 10. b4 Bh3 11. b5 Ne5 12. Nxe5 dxe5 13. Be3 Bxg2 14. Kxg2 b6 15.
f3 Qb7 16. Bf2 e4 17. dxe4 Rad8 18. Qc1 Rd7 19. Rd1 Rfd8 20. Rxd7 Rxd7 21. Ne1
Ne8 22. Qc2 Nd6 23. Rd1 f5 24. exf5 Nxf5 25. Rxd7 Qxd7 26. Qd3 Qxd3 27. exd3
Nd4 28. Bxd4 Bxd4 $11 29. f4 Kf7 30. Kf3 e5 31. Ke4 exf4 32. Kxf4 h6 33. Nf3
g5+ 34. Kf5 Bc3 35. g4 Ke7 36. Kg6 Ke6 37. Kxh6 Bf6 38. Kg6 Bd8 39. Nxg5+ Bxg5
40. Kxg5 Ke5 41. h4 Kd4 42. h5 Kxd3 43. h6 1-0